| 000 | 00465nam a2200169 i 4500 | ||
|---|---|---|---|
| 001 | 103603 | ||
| 003 | ES-MaACL | ||
| 005 | 20230906183416.0 | ||
| 007 | t| | ||
| 008 | 060421s1948 sp ||||1| spa d | ||
| 080 | _a821.134.2(729.5)-4"19" | ||
| 100 | 1 |
_aReal, Romualdo. _995679 |
|
| 245 | 1 | 3 |
_aLa senda iluminada _b: ensayos / _cRomualdo Real. |
| 260 |
_aBuenos Aires : _b[s.n., _c1948] |
||
| 300 |
_a203 p. ; _c18 cm. |
||
| 852 |
_aES-MaACL _jC-56833 _bR.137448 |
||
| 999 |
_c103603 _d103603 |
||